The french in central america: Culture and commerce, 1820-1930. /
Guardado en:
| Hovedforfatter: | |
|---|---|
| Format: | Texto |
| Fag: | |
| Tags: |
Tilføj Tag
Ingen Tags, Vær først til at tagge denne postø!
|
MARC
| LEADER | 00000 a a2200000 04500 | ||
|---|---|---|---|
| 001 | 45498 | ||
| 003 | |||
| 040 | |||
| 090 | |a REV0780 (38)2000 | ||
| 100 | |a Lindo Fuentes, Héctor | ||
| 245 | |a The french in central america: |b Culture and commerce, 1820-1930. / |c Héctor Lindo Fuentes | ||
| 650 | |a CULTURA | ||
| 650 | |a COMERCIO | ||
| 650 | |a RESEÑAS BIBLIOGRAFICAS | ||
| 773 | |g número38, V Epoca (2000), páginas 199-201 | ||
| 999 | |c 32020 |d 32020 | ||
